000 00467cam a2200181ua 4500
020 _a0 8039 1915 8
041 _aeng
_h
082 _a300.1
_bACH/IN
100 _aAchen, Christopher H .
245 _aInterpretting and using regression /
_cChristopher H Achen.
_hTextual Documents
250 _a1 /
_b.
260 _aNew Delhi :
_bSage Publications ,
_c1982.
300 _a87 ; .
500 _a**Reference
504 _a
942 _cBK
999 _c8121
_d8121